000 00687nam a2200229Ia 4500
003 OSt
005 20220923214153.0
006 a|||||r|||| 00| 0
007 ta
008 220922b |||||||| |||| 00| 0 hin d
024 _a167,595
037 _cTextual
040 _aARTS
_cARTS
_bhin
041 _2hin
_ahin
082 _aO152:1I00x, J4;K4;K1-;1(TTPH)
100 _aकबीर
245 0 _aग्रंथवली, श्यामसुन्दर दास संपा
246 _aGranthavalī, shyāmasundar dās sanpā0
260 _c1954
942 _hO152:1I00x, J4;K4;K1-;1(TTPH)
_cTEXL
_2CC
999 _c322065
_d322065